Piosenki zespołu Kombii - nagła śmierć - Statystyki

Ogólne statystyki
  • Ten quiz został rozwiązany 124 razy
  • Średni wynik to 6 z 9
Answers on the Grid
Answers color-coded by a green-red scale on the quiz's grid according to % correct below.
Rudy Rydz
Nie dokazuj
Slodkiego milego życia
O Tobie Kochana
Black And White
Załoga G
Mój Przyjacielu
Pokolenie
Dni, których nie znamy
Dozwolone do lat 18-stu
Awinion
Lubię wracać tam gdzie byłem
Kiedy byłem małym chłopcem
Rysunek na szkle
Gdzie jesteś dziś
Nasze Randez Vous
Big Cyc
Kochać Cię za późno
Myślę o Tobie
Przeżyj to sam
Płoną góry płoną lasy
Jolka Jolka
Zaczaruj mnie
Dzieci wybiegły
 
Statystyki odpowiedzi
Odpowiedź % Poprawnych
Slodkiego milego życia
93%
Black And White
87%
Pokolenie
87%
Nasze Randez Vous
81%
Awinion
74%
Kochać Cię za późno
64%
Myślę o Tobie
56%
Gdzie jesteś dziś
51%
Zaczaruj mnie
51%
Nie znaleziono quizów pasujących do podanych kryteriów
Rozkład punktacji
Procent ludzi z każdym wynikiem
Percentyl według liczby udzielonych odpowiedzi
Twoja historia wyników
Nie rozwiązałeś tego quizu